Các con đường, biện pháp nâng cao hiệu quả dạy học lịch sử ở trường phổ thông/
Giới thiệu các biện pháp nâng cao hiệu quả dạy học lich sử ở trường phổ thông và bài học lịch sử trong thực tiễn dạy học ở trường phổ thông.
Đã lưu trong:
| Tác giả chính: | |
|---|---|
| Định dạng: | Sách |
| Năm xuất bản: |
H.
Đại học Sư phạm
2008
|
| Phiên bản: | In lần thứ 2 |
| Chủ đề: | |
| Tags: |
Thêm thẻ
Không có thẻ, Hãy là người đầu tiên gắn thẻ bản ghi này!
|
| LEADER | 01704nam a2200217 4500 | ||
|---|---|---|---|
| 082 | |a 900.71 |b NG527TH | ||
| 100 | |a Nguyễn Thị Côi | ||
| 245 | |a Các con đường, biện pháp nâng cao hiệu quả dạy học lịch sử ở trường phổ thông/ |c Nguyễn Thị Côi | ||
| 250 | |a In lần thứ 2 | ||
| 260 | |a H. |b Đại học Sư phạm |c 2008 | ||
| 300 | |a 270 tr. |c 21 cm | ||
| 520 | |a Giới thiệu các biện pháp nâng cao hiệu quả dạy học lich sử ở trường phổ thông và bài học lịch sử trong thực tiễn dạy học ở trường phổ thông. | ||
| 653 | |a Lịch sử | ||
| 653 | |a Dạy học | ||
| 942 | |2 ddc |c STK0 | ||
| 999 | |c 2799 |d 2799 | ||
| 952 | |0 0 |1 0 |2 ddc |4 0 |6 900_710000000000000_NG527TH |7 1 |8 900 |9 33355 |a qbu |b qbu |c D5 |d 2014-12-15 |g 30000 |o 900.71 NG527TH |p 4059.C1 |r 0000-00-00 |w 2014-12-15 |y STK0 |0 0 |6 900_710000000000000_NG527TH | ||
| 952 | |0 0 |1 0 |2 ddc |4 0 |6 900_710000000000000_NG527TH |7 0 |8 900 |9 33356 |a qbu |b qbu |c D5 |d 2014-12-15 |g 30000 |l 4 |o 900.71 NG527TH |p 4059.C2 |r 2019-05-06 |s 2019-05-03 |w 2014-12-15 |y STK0 |0 0 |6 900_710000000000000_NG527TH | ||
| 952 | |0 0 |1 0 |2 ddc |4 0 |6 900_710000000000000_NG527TH |7 0 |8 900 |9 33357 |a qbu |b qbu |c D5 |d 2014-12-15 |g 30000 |l 2 |o 900.71 NG527TH |p 4059.C3 |r 2018-09-17 |s 2018-08-30 |w 2014-12-15 |y STK0 |0 0 |6 900_710000000000000_NG527TH | ||
| 952 | |0 0 |1 0 |2 ddc |4 0 |6 900_710000000000000_NG527TH |7 0 |8 900 |9 33358 |a qbu |b qbu |c D5 |d 2014-12-15 |g 30000 |l 3 |m 2 |o 900.71 NG527TH |p 4059.C4 |r 2019-05-21 |s 2019-03-01 |w 2014-12-15 |y STK0 |0 0 |6 900_710000000000000_NG527TH | ||
| 952 | |0 0 |1 0 |2 ddc |4 0 |6 900_710000000000000_NG527TH |7 0 |8 900 |9 74238 |a qbu |b qbu |c D5 |d 2015-05-06 |g 30000 |l 2 |m 1 |o 900.71 NG527TH |p 4059.c5 |r 2019-01-16 |s 2019-01-03 |w 2015-05-06 |y STK0 |0 0 |6 900_710000000000000_NG527TH | ||